000 00789nam a2200205 a 4500
001 000096714
003 AM-YEHGA
005 20250617122132.0
008 990917s1971 un |||||||||||rus d
040 _aAM-YeHGA
041 0 _arus
100 1 _aСтаниславский, Франц Антонович
245 1 0 _aИскопаемая флора и стратиграфия верхнетриасовых отложений Донбаса (Рэтская флора с Райского) /
_cФ.А. Станиславский.
260 _aКиев :
_bНаукова думка,
_c1971.
300 _a139 с.
650 1 4 _aИскопаемая флора
710 0 _aИнститут геологических наук АН УССР
942 _2udc
_cBK
090 _c31389
999 _c30948
_d30948